[Event "Team men HL chess 2017"]
[Site "Sochi"]
[Date "2017.05.07"]
[Round "6.5"]
[White "Nechaev, Oleg"]
[Black "Iljin, Timofey"]
[Result "1-0"]
[WhiteElo "2386"]
[BlackElo "2317"]
[PlyCount "99"]
[EventDate "2017.05.01"]

1. c4 e6 2. d4 d5 3. Nc3 Bb4 4. Nf3 Nf6 5. cxd5 exd5 6. Bg5 h6 7. Bh4 g5 8. Bg3
Ne4 9. Nd2 Nxg3 10. hxg3 c6 11. e3 Be6 12. Bd3 Nd7 13. Qb3 Qb6 14. a3 Be7 15.
Qc2 h5 16. O-O-O O-O-O 17. f4 Nf6 18. f5 Bd7 19. Nf3 Kb8 20. Nxg5 Be8 21. Nf3
Rg8 22. e4 dxe4 23. Nxe4 Nd5 24. Rhe1 f6 25. Bc4 Bf7 26. Nh2 Rc8 27. Rd3 Rgd8
28. Kb1 c5 29. dxc5 Bxc5 30. Qb3 Bxa3 31. Qxb6 axb6 32. Bxd5 Bxd5 33. Rxa3
Bxe4+ 34. Rxe4 Rd1+ 35. Ka2 Rd2 36. Nf3 Rxg2 37. Nd4 Rg8 38. Nb5 Rd8 39. Rea4
Kc8 40. Ra8+ Kd7 41. Rd3+ Kc6 42. Na7+ Kc5 43. Raxd8 b5 44. Rc3+ Kb6 45. Nc8+
Ka5 46. Rd4 b4 47. Rc5+ b5 48. Rd7 b3+ 49. Ka3 Rxg3 50. Ra7# 1-0

[Event "Team men HL chess 2017"]
[Site "Sochi"]
[Date "2017.05.07"]
[Round "6.5"]
[White "Kurbedinov, Ramis"]
[Black "Rozhko, Dmitry"]
[Result "1-0"]
[WhiteElo "2318"]
[BlackElo "2351"]
[PlyCount "81"]
[EventDate "2017.05.01"]

1. d4 d5 2. Nf3 Bf5 3. c4 e6 4. Nc3 Bb4 5. Bg5 Ne7 6. e3 O-O 7. Be2 Nbc6 8. O-O
h6 9. Bh4 Qd7 10. Rc1 dxc4 11. Bxc4 Bg4 12. Bg3 Bd6 13. Ne4 Nf5 14. Bb5 Bxg3
15. hxg3 Qd5 16. Bxc6 bxc6 17. Nc3 Qd6 18. Qc2 Bxf3 19. gxf3 Rab8 20. b3 Ne7
21. Ne4 Qd8 22. Rfd1 Rb5 23. Nc5 Qd6 24. Kg2 Rd8 25. Qe2 Rdb8 26. Rd2 Qd5 27.
Nd3 Ng6 28. Rdc2 R8b6 29. Rc5 Rxc5 30. Rxc5 Qd8 31. Ra5 Qb8 32. Qc2 Rb5 33. Ra6
Ne7 34. Ra4 Qb6 35. Ne5 c5 36. Nd7 Qc6 37. Nxc5 e5 38. Rxa7 exd4 39. exd4 Rb4
40. Qe4 Nd5 41. Nd7 1-0

[Event "Team men HL chess 2017"]
[Site "Sochi"]
[Date "2017.05.07"]
[Round "6.5"]
[White "Kozak, Alexander"]
[Black "Derjabin, Ilja"]
[Result "0-1"]
[WhiteElo "2334"]
[BlackElo "2341"]
[PlyCount "68"]
[EventDate "2017.05.01"]

1. g3 c5 2. Bg2 d5 3. d3 Nc6 4. Nd2 e5 5. Ngf3 Nge7 6. O-O Ng6 7. e4 d4 8. a4
Be7 9. Nc4 O-O 10. Ne1 Be6 11. f4 exf4 12. gxf4 f5 13. Qe2 Kh8 14. a5 Nh4 15.
Bh1 Rf6 16. exf5 Bxf5 17. Be4 Qd7 18. Kh1 Raf8 19. Rg1 Bd8 20. Bd2 Bc7 21. Nf3
Bxe4 22. dxe4 Nxf3 23. Qxf3 Bxf4 24. Bxf4 Rxf4 25. Qh5 Qe7 26. e5 Qe6 27. Qg5
g6 28. b3 Rf2 29. Rg3 Rxc2 30. Re1 d3 31. Rxd3 Nd4 32. Qg3 Qd5+ 33. Kg1 Rf3 34.
Qh4 Rxd3 0-1

[Event "Team men HL chess 2017"]
[Site "Sochi"]
[Date "2017.05.07"]
[Round "6.6"]
[White "Ponomarenko, Alexandr"]
[Black "Bublei, Pavel"]
[Result "1/2-1/2"]
[WhiteElo "2240"]
[BlackElo "2399"]
[PlyCount "87"]
[EventDate "2017.05.01"]

1. e4 c6 2. d4 d5 3. Nd2 dxe4 4. Nxe4 Nd7 5. Ng5 h6 6. Ne6 Qa5+ 7. Bd2 Qb6 8.
Nxf8 Nxf8 9. Bc3 Nf6 10. Bc4 Be6 11. Bb3 a5 12. Nf3 a4 13. Bxe6 Nxe6 14. O-O
O-O 15. Qe1 Nd5 16. Rd1 Rfd8 17. a3 Qb5 18. g3 Rd6 19. Ne5 Nxc3 20. bxc3 Rad8
21. Rb1 Qa6 22. Nd3 b5 23. f4 Qc8 24. f5 Nc7 25. Ne5 Nd5 26. c4 bxc4 27. Nxc4
R6d7 28. Qa5 Qc7 29. Rf3 Nf6 30. c3 Qxa5 31. Nxa5 Rc7 32. Rb4 c5 33. dxc5 Rxc5
34. Rxa4 Ra8 35. Nb7 Rxa4 36. Nxc5 Rxa3 37. Rd3 Ra1+ 38. Kg2 Ra2+ 39. Kg1 Ra5
40. Rd8+ Kh7 41. Nd7 Nxd7 42. Rxd7 Rxf5 43. Rxe7 Rc5 44. Rxf7 1/2-1/2

[Event "Team men HL chess 2017"]
[Site "Sochi"]
[Date "2017.05.07"]
[Round "6.6"]
[White "Antonenko, Vladimir"]
[Black "Kayukov, Kirill"]
[Result "1/2-1/2"]
[WhiteElo "2311"]
[BlackElo "2155"]
[PlyCount "155"]
[EventDate "2017.05.01"]

1. d4 d5 2. c4 e6 3. Nf3 Nf6 4. g3 Ne4 5. Bg2 f5 6. O-O Be7 7. Qc2 O-O 8. Nbd2
c6 9. Ne1 Bd7 10. Nxe4 fxe4 11. f3 Bf6 12. Be3 exf3 13. Nxf3 Be8 14. Bf4 Bg6
15. Qc3 Nd7 16. Bh3 Re8 17. c5 Be4 18. Bd6 Bf5 19. g4 Be4 20. Ne5 Nxe5 21. dxe5
Be7 22. Bg2 Bg6 23. Rf2 Bh4 24. Rf4 Bg5 25. Rb4 b5 26. Rd4 a5 27. Rf1 a4 28. a3
Ra7 29. Rf3 Qa5 30. Rb4 h6 31. Qe1 Qd8 32. h3 Be4 33. Rc3 Bxg2 34. Kxg2 Rf7 35.
Rf3 Bh4 36. Qf1 Rxf3 37. exf3 Qg5 38. f4 Qg6 39. f5 exf5 40. Qxf5 Kh7 41. Rf4
Bg5 42. Rf2 Bh4 43. Re2 Re6 44. Kf3 Re8 45. Ke3 Bd8 46. Kd3 Re6 47. Rf2 Bh4 48.
Rf3 Re8 49. Kd2 Bd8 50. Kc2 Bh4 51. b3 axb3+ 52. Kxb3 Bg5 53. Rf2 Bh4 54. Ra2
Bg3 55. Re2 Re6 56. a4 bxa4+ 57. Kxa4 d4 58. Re4 Bf2 59. Kb4 h5 60. Kc4 hxg4
61. hxg4 Be3 62. Kd3 Kh6 63. Bc7 Kh7 64. Ba5 Kg8 65. Bc3 Qe8 66. Bxd4 Bxd4 67.
Kxd4 Qd7+ 68. Ke3 Qd5 69. Ke2 g6 70. Qf3 Rxe5 71. Rxe5 Qxe5+ 72. Qe3 Qxe3+ 73.
Kxe3 Kf7 74. Kf4 Kf6 75. g5+ Ke6 76. Ke4 Kd7 77. Kd4 Ke6 78. Ke4 1/2-1/2

[Event "Team men HL chess 2017"]
[Site "Sochi"]
[Date "2017.05.07"]
[Round "6.6"]
[White "Tereshechkina, Maya"]
[Black "Gubsky, Egor"]
[Result "0-1"]
[WhiteElo "2056"]
[BlackElo "2284"]
[PlyCount "48"]
[EventDate "2017.05.01"]

1. e4 c5 2. Nf3 Nc6 3. Bb5 e6 4. O-O Nge7 5. c3 a6 6. Bxc6 bxc6 7. d4 cxd4 8.
cxd4 d5 9. Nc3 Ng6 10. Bg5 f6 11. Bh4 Be7 12. Bg3 dxe4 13. Nh4 Nf8 14. Qg4 g5
15. Nxe4 h5 16. Qf3 gxh4 17. Bxh4 Kf7 18. Rac1 Ng6 19. Ng5+ Kg7 20. Qxc6 Bd7
21. Nxe6+ Bxe6 22. Qxe6 Nxh4 23. Rfe1 Ng6 24. Rc3 Bb4 0-1

[Event "Team men HL chess 2017"]
[Site "Sochi"]
[Date "2017.05.07"]
[Round "6.6"]
[White "Kuzmin, Artem"]
[Black "Dulenko, Maxim"]
[Result "1-0"]
[WhiteElo "2040"]
[BlackElo "2144"]
[PlyCount "111"]
[EventDate "2017.05.01"]

1. e4 c5 2. c3 d6 3. d4 Nf6 4. dxc5 dxc5 5. Qxd8+ Kxd8 6. f3 Nc6 7. Be3 b6 8.
Na3 Kc7 9. Nh3 h6 10. Nf4 e6 11. Nb5+ Kb7 12. a4 a6 13. Na3 Be7 14. Nc4 Nd7 15.
Be2 Nde5 16. O-O Nxc4 17. Bxc4 Bd7 18. Ba2 Ne5 19. Bb3 Bc6 20. Rfd1 Rad8 21.
Kf2 g5 22. Nh5 Nd3+ 23. Ke2 Nxb2 24. Rxd8 Rxd8 25. Ra2 Nd3 26. Ra1 Ne5 27. Rd1
Rxd1 28. Bxd1 f5 29. exf5 exf5 30. f4 Ng4 31. Bg1 Bxg2 32. Bc2 Nf6 33. Ng3 gxf4
34. Nxf5 Bf8 35. Bf2 Ne4 36. Be1 Nd6 37. Nh4 Be7 38. Nxg2 b5 39. axb5 axb5 40.
Nxf4 Nc4 41. Be4+ Ka6 42. Ne6 Ka5 43. Bf2 Bf6 44. Kd3 Ne5+ 45. Kc2 Ng4 46. Bg1
Be5 47. h3 Nf6 48. Nxc5 b4 49. Bd4 Nxe4 50. Nxe4 Bf4 51. c4 Ka4 52. Nc5+ Ka3
53. Nb3 Bc7 54. Bb2+ Ka4 55. Nc5+ Ka5 56. Kb3 1-0

[Event "Team men HL chess 2017"]
[Site "Sochi"]
[Date "2017.05.07"]
[Round "6.7"]
[White "Taysayev, Timur"]
[Black "Gusarov, Grigory"]
[Result "0-1"]
[WhiteElo "2245"]
[BlackElo "2320"]
[PlyCount "98"]
[EventDate "2017.05.01"]

1. e4 c6 2. Nc3 d5 3. Nf3 g6 4. d4 Bg4 5. Be2 Bg7 6. Be3 Nf6 7. e5 Nfd7 8. Qd2
h5 9. Ng5 Nf8 10. f3 Be6 11. f4 Bg4 12. Bxg4 hxg4 13. e6 fxe6 14. O-O-O Nbd7
15. Qe2 Nf6 16. Bd2 Qd7 17. Rde1 Rh5 18. Qd3 Kd8 19. Na4 b6 20. Qa6 Qc8 21. Qe2
Qd7 22. h3 gxh3 23. g4 Rh4 24. Nf3 Rh7 25. Ne5 Qe8 26. Qa6 Kc7 27. Ba5 N8d7 28.
Nxd7 Nxd7 29. Rxe6 Bxd4 30. Bb4 c5 31. Bd2 Nb8 32. Qd3 Qxa4 33. c3 Bf6 34. g5
Qxa2 35. gxf6 Qa1+ 36. Qb1 Qxb1+ 37. Kxb1 Nc6 38. fxe7 Nxe7 39. f5 gxf5 40.
Bf4+ Kb7 41. Re3 Ng6 42. Bg5 Rh5 43. Rg3 f4 44. Rhxh3 fxg3 45. Rxh5 Re8 46. Bd2
Re2 47. Kc1 g2 48. Rg5 Ne5 49. Rg7+ Ka6 0-1

[Event "Team men HL chess 2017"]
[Site "Sochi"]
[Date "2017.05.07"]
[Round "6.7"]
[White "Tenikashvili, Georgij"]
[Black "Savchuk, Vladimir"]
[Result "1-0"]
[WhiteElo "2305"]
[BlackElo "2077"]
[PlyCount "99"]
[EventDate "2017.05.01"]

1. d4 Nf6 2. c4 c5 3. d5 b5 4. cxb5 a6 5. bxa6 g6 6. Nc3 Bxa6 7. e4 Bxf1 8.
Kxf1 d6 9. g3 Bg7 10. Kg2 O-O 11. Nf3 Nbd7 12. a4 Qa5 13. Bd2 Rfb8 14. Nb5 Qb6
15. Qc2 Ne8 16. Bc3 Nc7 17. Nxc7 Qxc7 18. Bxg7 Kxg7 19. Nd4 Nf6 20. Nc6 Rb7 21.
a5 Ra6 22. Qd3 Ra8 23. b3 Kg8 24. Rhe1 Qd7 25. Ra4 Rc7 26. b4 cxb4 27. Rxb4 e6
28. Qf3 exd5 29. exd5 Nxd5 30. Ne7+ Nxe7 31. Qxa8+ Kg7 32. Qe4 Nc6 33. Ra4 Ra7
34. a6 Ne5 35. Ra3 f6 36. Rb1 d5 37. Qa4 Qc8 38. Rab3 Qxa6 39. Qxa6 Rxa6 40.
Rb7+ Nf7 41. Rd7 f5 42. Rbb7 Rf6 43. f4 h5 44. Rxd5 Kg8 45. Rdd7 Kf8 46. Kf3
Nd6 47. Rb8+ Ne8 48. Rh7 Re6 49. Rh8+ Kf7 50. Rb7+ 1-0

[Event "Team men HL chess 2017"]
[Site "Sochi"]
[Date "2017.05.07"]
[Round "6.7"]
[White "Bezdenezhnyh, Pavel"]
[Black "Abrekov, Mussa"]
[Result "0-1"]
[WhiteElo "2188"]
[BlackElo "2219"]
[PlyCount "54"]
[EventDate "2017.05.01"]

1. e4 c5 2. Nf3 d6 3. d4 cxd4 4. Nxd4 Nf6 5. Nc3 a6 6. Be3 e6 7. f3 Nbd7 8. Qd2
b5 9. g4 h6 10. O-O-O Bb7 11. h4 b4 12. Na4 Qa5 13. b3 Nc5 14. a3 Nxa4 15. axb4
Qc7 16. bxa4 d5 17. e5 Nd7 18. f4 Nb6 19. f5 Nxa4 20. fxe6 Nc3 21. exf7+ Kxf7
22. Qf2+ Kg8 23. Qf5 Re8 24. Ne6 Qc6 25. Nd4 Qa4 26. e6 Qa3+ 27. Kd2 Ne4+ 0-1

[Event "Team men HL chess 2017"]
[Site "Sochi"]
[Date "2017.05.07"]
[Round "6.8"]
[White "Domogaev, Sergey"]
[Black "Alexeev, Alexey"]
[Result "0-1"]
[WhiteElo "2431"]
[BlackElo "2301"]
[PlyCount "154"]
[EventDate "2017.05.01"]

1. d4 Nf6 2. c4 g6 3. Nc3 d5 4. Nf3 Bg7 5. h4 c6 6. Bg5 Ne4 7. e3 Nxc3 8. bxc3
dxc4 9. Bxc4 c5 10. h5 Nd7 11. h6 Bf6 12. Bxf6 Nxf6 13. Ne5 O-O 14. Qb3 e6 15.
O-O cxd4 16. cxd4 b6 17. Rac1 Ne4 18. Rc2 Qg5 19. f4 Qxh6 20. d5 Nc5 21. Qa3
Qh4 22. Rd2 exd5 23. Bxd5 Ba6 24. Rfd1 Rae8 25. Rc2 Qe7 26. e4 Bc8 27. Nc6 Qh4
28. Qxa7 Nxe4 29. Qxb6 Ng3 30. Bf3 Qh1+ 31. Kf2 Ne4+ 32. Bxe4 Qxd1 33. Ne5 Rd8
34. Nf3 Bg4 35. Ne5 Rd2+ 36. Rxd2 Qxd2+ 37. Kg3 Be6 38. Nd3 Bxa2 39. f5 Qg5+
40. Kh3 gxf5 41. Bf3 Be6 42. Kh2 Rd8 43. Nf2 Qh4+ 44. Kg1 Qd4 45. Qc7 Rc8 46.
Qg3+ Kh8 47. Kh2 Rg8 48. Qc7 Rc8 49. Qg3 f4 50. Qh4 Bf5 51. Nh3 Bxh3 52. Qxh3
Re8 53. Qf5 Qg7 54. Qxf4 Qe5 55. Qxe5+ Rxe5 56. Kg3 Kg7 57. Kf4 f6 58. Ba8 Kf8
59. Bf3 Ke7 60. Ba8 h6 61. Bf3 Rc5 62. Kg4 Ke6 63. Kh4 Rg5 64. Ba8 Ke5 65. Bb7
Kf4 66. Bc6 Ke3 67. Bb7 h5 68. Ba8 Kf2 69. Bb7 Ke3 70. Ba8 Kf4 71. Bb7 f5 72.
Bf3 Rg3 73. Ba8 Rg8 74. Bf3 Ke3 75. Bd5 Rg7 76. Kxh5 f4 77. Kh4 Rg3 0-1

[Event "Team men HL chess 2017"]
[Site "Sochi"]
[Date "2017.05.07"]
[Round "6.8"]
[White "Vasilevich, Tatjana"]
[Black "Pogosian, Georgy"]
[Result "1-0"]
[WhiteElo "2372"]
[BlackElo "2204"]
[PlyCount "71"]
[EventDate "2017.05.01"]

1. d4 Nf6 2. c4 e6 3. Nc3 d5 4. cxd5 exd5 5. Bg5 Be7 6. e3 c6 7. Qc2 O-O 8. Bd3
Nbd7 9. Nf3 Re8 10. O-O Nf8 11. h3 Ne4 12. Bf4 Nxc3 13. bxc3 Be6 14. c4 dxc4
15. Bxc4 Bxc4 16. Qxc4 Bd6 17. Be5 Ng6 18. Bxd6 Qxd6 19. Rfd1 Rad8 20. Rab1 Re7
21. Qa4 a6 22. Rb6 Qd5 23. Rc1 h6 24. Rc5 Qd6 25. Qb3 Rdd7 26. Qb1 Rc7 27. Rc2
Red7 28. Nd2 Qd5 29. Rc5 Qe6 30. Nb3 Qe7 31. Rh5 Rd5 32. Rxd5 cxd5 33. Nc5 Qg5
34. Rxb7 Rxb7 35. Qxb7 Kh7 36. Qxf7 1-0

[Event "Team men HL chess 2017"]
[Site "Sochi"]
[Date "2017.05.07"]
[Round "6.8"]
[White "Parfenov, Viktor N"]
[Black "Linker, Mikhail"]
[Result "1-0"]
[WhiteElo "2240"]
[BlackElo "2239"]
[PlyCount "83"]
[EventDate "2017.05.01"]

1. c4 Nf6 2. g3 g6 3. Bg2 Bg7 4. Nc3 O-O 5. e4 d6 6. Nge2 e5 7. O-O Nc6 8. d3
Nd7 9. Be3 f5 10. Nd5 Nf6 11. Qd2 Nxd5 12. cxd5 Ne7 13. Rac1 c6 14. dxc6 bxc6
15. Bg5 fxe4 16. dxe4 Bf6 17. Bh6 Bg7 18. Be3 Be6 19. Rfd1 Bxa2 20. Qxd6 Bb3
21. Rd3 Qxd6 22. Rxd6 Rfd8 23. Rxd8+ Rxd8 24. Nc3 Nc8 25. Ra1 Bf8 26. Bh3 Nd6
27. Bg5 Rb8 28. Rxa7 Bf7 29. Bf6 Nc4 30. Bd7 Rxb2 31. Bxc6 Rxf2 32. Be7 Bxe7
33. Ra8+ Kg7 34. Kxf2 Bc5+ 35. Kf3 Bd4 36. Nb5 Kf6 37. Bd5 Bxd5 38. exd5 Bg1
39. Ra6+ Ke7 40. Rc6 Nd2+ 41. Kg2 Be3 42. Re6+ 1-0

[Event "Team men HL chess 2017"]
[Site "Sochi"]
[Date "2017.05.07"]
[Round "6.8"]
[White "Pervakov, Sergey"]
[Black "Zaika, Daniil"]
[Result "1-0"]
[WhiteElo "2134"]
[BlackElo "2149"]
[PlyCount "117"]
[EventDate "2017.05.01"]

1. e4 e6 2. Qe2 c5 3. Nf3 Nc6 4. g3 g6 5. Bg2 Bg7 6. O-O Nge7 7. c3 d6 8. Rd1
O-O 9. d4 cxd4 10. cxd4 d5 11. e5 f6 12. exf6 Bxf6 13. Bf4 Nf5 14. Be5 Bd7 15.
Nc3 Rc8 16. Rac1 Qe7 17. h4 Qg7 18. Bxf6 Qxf6 19. Qd2 Kg7 20. b3 Rf7 21. Ne2
Be8 22. Nf4 Rfc7 23. Bh3 Bf7 24. Bxf5 exf5 25. Rc2 Nd8 26. Rdc1 Qd6 27. Rxc7
Rxc7 28. Rxc7 Qxc7 29. Ne5 Nc6 30. Qc3 Qb6 31. Nxc6 Qxc6 32. Qb4 Qd7 33. Nd3
Qc7 34. Ne5 Be8 35. Qd2 Bb5 36. h5 Kf6 37. Qf4 Qe7 38. hxg6 hxg6 39. Qh4+ Ke6
40. Qxe7+ Kxe7 41. Nxg6+ Kd6 42. Ne5 a5 43. f3 Ke6 44. Kf2 Kf6 45. Ke3 Be8 46.
Kf4 Bb5 47. g4 fxg4 48. Nxg4+ Ke6 49. Kg5 Bd3 50. Ne3 b5 51. a3 b4 52. axb4
axb4 53. f4 Be4 54. f5+ Kf7 55. Kf4 Kf6 56. Ng4+ Kg7 57. Ke5 Bc2 58. Ke6 Kf8
59. f6 1-0

[Event "Team men HL 2017"]
[Site "Sochi"]
[Date "2017.05.07"]
[Round "6.1"]
[White "Shimanov, Aleksandr"]
[Black "Iljiushenok, Ilia"]
[Result "1-0"]
[WhiteElo "2642"]
[BlackElo "2489"]
[PlyCount "65"]
[EventDate "2017.??.??"]

1. e4 c5 2. Nf3 e6 3. b3 a6 4. Bb2 Nc6 5. c4 d6 6. d4 cxd4 7. Nxd4 Bd7 8. Nc3
Nf6 9. Be2 Be7 10. O-O O-O 11. Kh1 Nxd4 12. Qxd4 Bc6 13. Rfd1 Qa5 14. f3 Rad8
15. a4 Nh5 16. f4 e5 17. Qd2 Nxf4 18. Nd5 Qxd2 19. Nxe7+ Kh8 20. Rxd2 Bxe4 21.
Bf3 f5 22. Rad1 Nd3 23. Bxe4 fxe4 24. Kg1 b5 25. Nd5 bxc4 26. bxc4 Rc8 27. Ne3
Rc6 28. Ba3 Rb8 29. Nf5 Rb3 30. Bxd6 Rxc4 31. Bf8 Rc7 32. Re2 Rbc3 33. Bxg7+
1-0

[Event "Team men HL 2017"]
[Site "Sochi"]
[Date "2017.05.07"]
[Round "6.2"]
[White "Sarana, Alexey"]
[Black "Kovalev, Vladislav"]
[Result "1/2-1/2"]
[WhiteElo "2472"]
[BlackElo "2629"]
[PlyCount "80"]
[EventDate "2017.??.??"]

1. d4 Nf6 2. c4 g6 3. Nc3 Bg7 4. e4 d6 5. Nf3 O-O 6. Be2 e5 7. Be3 exd4 8. Nxd4
Re8 9. f3 c6 10. Bf2 d5 11. exd5 cxd5 12. O-O Nc6 13. c5 Re5 14. Bb5 Bd7 15.
Qd2 Qf8 16. Bxc6 bxc6 17. b4 Nh5 18. Rae1 Rae8 19. Rxe5 Bxe5 20. Re1 Bf4 21.
Qd1 Be5 22. Qd2 Bf4 23. Qd1 Be5 24. g3 Ng7 25. Kg2 Nf5 26. Qd2 Bxd4 27. Rxe8
Qxe8 28. Bxd4 Nxd4 29. Qxd4 Qe1 30. a4 a6 31. b5 axb5 32. axb5 cxb5 33. Nxd5
Qe2+ 34. Kg1 Qe1+ 35. Kg2 Qe2+ 36. Kg1 Qe1+ 37. Kg2 Qe2+ 38. Kg1 Qe1+ 39. Kg2
Qe2+ 40. Kg1 Qe1+ 1/2-1/2

[Event "Team men HL 2017"]
[Site "Sochi"]
[Date "2017.05.07"]
[Round "6.3"]
[White "Yuffa, Daniil"]
[Black "Ofitserian, Boris"]
[Result "0-1"]
[WhiteElo "2510"]
[BlackElo "2391"]
[PlyCount "90"]
[EventDate "2017.??.??"]

1. Nf3 Nf6 2. c4 c5 3. Nc3 d5 4. cxd5 Nxd5 5. g3 Nc6 6. Bg2 Nc7 7. O-O e5 8. d3
Be7 9. Nd2 Be6 10. Nc4 f6 11. Bxc6+ bxc6 12. Qa4 Qd7 13. Be3 Nd5 14. Qa5 Nxe3
15. Nxe3 Rb8 16. Rab1 h5 17. h4 O-O 18. Nc4 Bd5 19. Qa4 Rb4 20. Qd1 Qh3 21. e4
Be6 22. Ne3 g6 23. Qe2 Rd8 24. Rfd1 Rbd4 25. b3 Bc8 26. Rd2 Bf8 27. Rbd1 Ba6
28. Qf3 Qe6 29. Qe2 Qd7 30. Qf3 Qe6 31. Qe2 Bh6 32. Na4 Qd6 33. Qf3 Bxd3 34. g4
hxg4 35. Qxg4 Kh7 36. h5 Rg8 37. Kh2 Bf4+ 38. Kh3 Bxe4 39. Nc3 f5 40. Qe2 Bd5
41. Ncxd5 cxd5 42. Rxd4 cxd4 43. Ng2 g5 44. Nxf4 gxf4 45. Qb5 Qd8 0-1

[Event "Team men HL 2017"]
[Site "Sochi"]
[Date "2017.05.07"]
[Round "6.4"]
[White "Bykov, Oleg"]
[Black "Lugovskoy, Maxim"]
[Result "1/2-1/2"]
[WhiteElo "2314"]
[BlackElo "2464"]
[PlyCount "53"]
[EventDate "2017.??.??"]

1. Nf3 d5 2. c4 e6 3. g3 Nf6 4. Bg2 Be7 5. O-O O-O 6. d4 dxc4 7. Qc2 a6 8. a4
Bd7 9. Qxc4 Bc6 10. Bf4 Nbd7 11. Nc3 Bd6 12. Bg5 h6 13. Bxf6 Nxf6 14. Qd3 Bb4
15. Ne5 Bxg2 16. Kxg2 c5 17. dxc5 Bxc5 18. Ne4 Nxe4 19. Qxe4 Qd4 20. Qxd4 Bxd4
21. Nd3 Rfc8 22. Rac1 Kf8 23. Kf3 Kg8 24. Kg2 Kf8 25. Kf3 Kg8 26. Kg2 Kf8 27.
Kf3 1/2-1/2

[Event "Team men HL 2017"]
[Site "Sochi"]
[Date "2017.05.07"]
[Round "6.5"]
[White "Goryachkina, Aleksandra"]
[Black "Ponkratov, Pavel"]
[Result "0-1"]
[WhiteElo "2470"]
[BlackElo "2590"]
[PlyCount "146"]
[EventDate "2017.??.??"]

1. d4 Nf6 2. c4 e6 3. Nc3 d5 4. cxd5 exd5 5. Bg5 Be6 6. e3 Nbd7 7. Bd3 h6 8.
Bf4 Bb4 9. h3 c5 10. Nge2 c4 11. Bc2 O-O 12. O-O Nb6 13. a3 Be7 14. f3 Nh5 15.
Bh2 f5 16. g4 fxg4 17. hxg4 Nf6 18. Be5 Nbd7 19. Nf4 Bf7 20. Ng6 Bxg6 21. Bxg6
Qb6 22. Na4 Qc6 23. Bf5 b5 24. Nc3 a5 25. a4 b4 26. Nb5 b3 27. Rc1 Ra6 28. Qe2
g6 29. Bb1 Rc8 30. Qh2 Qe6 31. g5 hxg5 32. Bxg6 Raa8 33. Rf2 Nf8 34. Bb1 Kf7
35. Re1 N8d7 36. Nc7 Rxc7 37. Bxc7 Bb4 38. Ree2 Rg8 39. Rg2 Qc6 40. e4 c3 41.
bxc3 Bxc3 42. e5 Bxd4+ 43. Kf1 Re8 44. Qh6 Nxe5 45. Bxe5 Qc1+ 46. Re1 Qc4+ 47.
Rge2 Rxe5 48. Qg6+ Ke7 49. Bd3 Qc3 50. Rxe5+ Bxe5 51. Qxg5 Qxd3+ 52. Kg2 Qc2+
53. Kf1 b2 54. Qxe5+ Kf7 55. Qe6+ Kg6 56. Qb6 d4 57. f4 Qd3+ 58. Kf2 Qd2+ 59.
Kf1 Qxf4+ 60. Kg1 Qg3+ 61. Kf1 Qc3 62. Kf2 Qc2+ 63. Kf3 Qc1 64. Kf2 Qd2+ 65.
Kf1 d3 66. Qg1+ Kh6 67. Qh1+ Kg5 68. Qg1+ Ng4 69. Qg3 Qf4+ 70. Qxf4+ Kxf4 71.
Rb1 Ne3+ 72. Ke1 Nc4 73. Kf2 Ke4 0-1

[Event "Team men HL 2017"]
[Site "Sochi"]
[Date "2017.05.07"]
[Round "6.6"]
[White "Gutenev, Alexander"]
[Black "Potapov, Pavel"]
[Result "1/2-1/2"]
[WhiteElo "2448"]
[BlackElo "2497"]
[PlyCount "61"]
[EventDate "2017.??.??"]

1. e4 c5 2. Nf3 Nc6 3. d4 cxd4 4. Nxd4 e5 5. Nb5 d6 6. c4 g6 7. Be2 Be6 8. O-O
a6 9. N5c3 Nd4 10. Na3 Ne7 11. Bg5 Bg7 12. Nc2 h6 13. Be3 Nec6 14. Nd5 O-O 15.
Qd2 Rc8 16. Rac1 Nxc2 17. Rxc2 Nd4 18. Rc3 Bxd5 19. cxd5 Qd7 20. Rfc1 h5 21.
Bd3 Rfe8 22. h3 Bf6 23. Rc4 Rxc4 24. Rxc4 Rc8 25. Rc3 Bd8 26. Qc1 Rc7 27. Kf1
Kg7 28. Bh6+ Kg8 29. Be3 Kg7 30. Bh6+ Kg8 31. Be3 1/2-1/2

[Event "Team men HL 2017"]
[Site "Sochi"]
[Date "2017.05.07"]
[Round "6.7"]
[White "Belyakov, Bogdan"]
[Black "Matsenko, Andrei"]
[Result "1-0"]
[WhiteElo "2470"]
[BlackElo "2314"]
[PlyCount "105"]
[EventDate "2017.??.??"]

1. e4 e6 2. d4 d5 3. Nc3 Nc6 4. Nge2 Bb4 5. exd5 exd5 6. a3 Ba5 7. Be3 Nf6 8.
h3 O-O 9. g4 Re8 10. Bg2 Ne4 11. b4 Nxc3 12. Nxc3 Bb6 13. O-O Ne7 14. Na4 Ng6
15. Re1 Be6 16. Qf3 Qd6 17. Qg3 Qxg3 18. fxg3 c6 19. Nxb6 axb6 20. a4 Ra7 21.
a5 Rea8 22. Rab1 b5 23. Bf4 Nf8 24. Rb3 Nd7 25. Bd6 Re8 26. Rc3 Raa8 27. Kf2
Red8 28. Rce3 Re8 29. Bf3 Nb8 30. g5 Rd8 31. Be7 Re8 32. Bd6 Rd8 33. Be7 Re8
34. Bc5 Na6 35. c3 Nxc5 36. dxc5 Kf8 37. g4 Bd7 38. Ra1 Rxe3 39. Kxe3 Re8+ 40.
Kd4 Bc8 41. Rf1 Re6 42. Rf2 Ke7 43. Re2 Rxe2 44. Bxe2 f6 45. gxf6+ gxf6 46. Bd3
h6 47. Ke3 Be6 48. Kf4 Kd8 49. Bc2 Kc7 50. Bb1 Kd8 51. Bg6 Bg8 52. Kg3 Ke7 53.
Kh4 1-0

[Event "Team men HL 2017"]
[Site "Sochi"]
[Date "2017.05.07"]
[Round "6.8"]
[White "Kazantsev, Nikita"]
[Black "Savitskiy, Sergey"]
[Result "0-1"]
[WhiteElo "2244"]
[BlackElo "2416"]
[PlyCount "100"]
[EventDate "2017.??.??"]

1. e4 c5 2. Nf3 d6 3. d4 cxd4 4. Nxd4 Nf6 5. Nc3 a6 6. Be2 e5 7. Nb3 Be7 8. Be3
O-O 9. a4 Be6 10. O-O Nc6 11. f4 Nb4 12. Kh1 Rc8 13. a5 Qd7 14. Nd2 Ng4 15.
Bxg4 Bxg4 16. Nf3 exf4 17. Bxf4 Rfe8 18. Ra4 Rxc3 19. Rxb4 Rc5 20. Rd4 Rxa5 21.
Qd2 Qc7 22. e5 dxe5 23. Nxe5 Be6 24. Nc4 Rf5 25. Ne3 Rxf4 26. Rdxf4 Bg5 27.
R4f3 Qe5 28. Qd3 Qxb2 29. Nc4 Qb5 30. Nd6 Qxd3 31. Rxd3 Rb8 32. Rb1 b5 33. Ra3
Rb6 34. Rd3 Be7 35. Ne4 h5 36. Nc3 Rc6 37. h3 h4 38. Re1 Kf8 39. Ne2 Bf6 40. c3
Bc4 41. Nd4 Rd6 42. Rde3 g6 43. Nf3 a5 44. Ne5 Bxe5 45. Rxe5 a4 46. Ra1 Rd3 47.
Ra3 f5 48. Rc5 Ke7 49. Rc6 Rxh3+ 50. Kg1 Rg3 0-1

[Event "Team men HL chess 2017"]
[Site "Sochi"]
[Date "2017.05.08"]
[Round "7.3"]
[White "Bublei, Pavel"]
[Black "Savchenko, Boris"]
[Result "0-1"]
[WhiteElo "2399"]
[BlackElo "2634"]
[PlyCount "48"]
[EventDate "2017.05.01"]

1. d4 Nf6 2. c4 c5 3. d5 b5 4. Nf3 e6 5. dxe6 fxe6 6. cxb5 a6 7. bxa6 d5 8. e3
Bd6 9. Nbd2 O-O 10. Be2 c4 11. O-O Qc7 12. h3 Nxa6 13. e4 Bc5 14. exd5 exd5 15.
Nb1 Nb4 16. Nc3 Qg3 17. Nd4 Qg6 18. Bf3 Bxd4 19. Qxd4 Nc2 20. Qh4 Nxa1 21. Bg5
Ne4 22. Nxd5 Qxg5 23. Qxe4 Bxh3 24. Kh2 Rae8 0-1

[Event "Team men HL chess 2017"]
[Site "Sochi"]
[Date "2017.05.08"]
[Round "7.3"]
[White "Tukhaev, Adam"]
[Black "Antonenko, Vladimir"]
[Result "1-0"]
[WhiteElo "2557"]
[BlackElo "2311"]
[PlyCount "61"]
[EventDate "2017.05.01"]

1. e4 c5 2. Nf3 Nc6 3. Bb5 e6 4. O-O Nge7 5. d4 cxd4 6. Nxd4 b6 7. c4 Bb7 8.
Nc3 Qc7 9. Re1 Nxd4 10. Qxd4 f6 11. Nd5 exd5 12. exd5 Kf7 13. Qg4 h5 14. Qxd7
Qxd7 15. Bxd7 g6 16. Bd2 Bc8 17. Ba4 Ba6 18. Rac1 Nf5 19. Bd7 Bd6 20. b4 Rhd8
21. Be6+ Kg7 22. c5 bxc5 23. bxc5 Bf8 24. Ba5 Re8 25. d6 Rxe6 26. Rxe6 Nd4 27.
Re4 Ne2+ 28. Rxe2 Bxe2 29. d7 Be7 30. Re1 Bxc5 31. Rxe2 1-0

[Event "Team men HL chess 2017"]
[Site "Sochi"]
[Date "2017.05.08"]
[Round "7.3"]
[White "Gubsky, Egor"]
[Black "Gabrielian, Artur"]
[Result "1-0"]
[WhiteElo "2284"]
[BlackElo "2525"]
[PlyCount "75"]
[EventDate "2017.05.01"]

1. d4 Nf6 2. c4 e6 3. Nf3 c5 4. d5 d6 5. Nc3 exd5 6. cxd5 a6 7. a4 g6 8. h3 Qe7
9. Bf4 Bg7 10. e3 Nbd7 11. Be2 O-O 12. O-O h6 13. Bh2 Rb8 14. Nd2 Ne8 15. Ra3
f5 16. Re1 Ne5 17. Rb3 b6 18. Bxe5 Bxe5 19. Nc4 Qc7 20. Nxe5 dxe5 21. Nb1 Bb7
22. e4 Nd6 23. exf5 Nxf5 24. Bg4 Rbd8 25. Bxf5 gxf5 26. Rg3+ Kh7 27. Nc3 Rf6
28. Rge3 Re8 29. Qe2 e4 30. f3 exf3 31. Qxf3 Rxe3 32. Rxe3 f4 33. Re8 Kg7 34.
Qe4 Rf7 35. Re6 Kf8 36. Qg6 Bc8 37. Qxh6+ Rg7 38. Qh8+ 1-0